000 00705nam a2200241 i 4500
001 C2-0325497
003 PPAK
005 20180728123528.0
008 140210s2010 xxka|||| ||||| | eng d
020 _a9781903474181 ; 1903474183
040 _aPPAK
_beng
_cPPAK
_erda
082 0 4 _a616.97
_223
090 0 0 _a616.97
_bCLO
_dR
100 1 _aClough, Joanne,
_eauthor
245 1 0 _aUnderstanding allergies
264 1 _aPoole, United Kingdom :
_bFamily Doctor Publications ,
_c2010
300 _a176 pages :
_bcolour illustrations ;
_c18 cm
336 _2rdacontent
_atext
337 _2rdamedia
_aunmediated
338 _2rdacarrier
_avolume
650 1 0 _aAllergy - Popular works.
942 _ddc
_cB
999 _c125206
_d125206